00639nam a2200193Ia 4500008004100000020001300041082001400054100002400068245003900092250000800131260004100139300003100180500001900211600002700230650005000257942000700307952011600314999001500430240925s9999 xx 000 0 und d a70634149 a004.6 FOR aForouzan, Behrouz A 0aData Communications and Networking a4th aNew Delhi:bTata McGraw Hillc,2006. axxxiv,1134p.bNAfOriginal aIncludes Index aEngineering Technology aComputer science, information & general works cBK 011040708ETaUITUbUITUd2007-08-06eF.B.Cg675.00l0o004.6 FORpQ7129r2024-09-25 07:14:29w2024-09-25yBK c9628d9628